000 00709nam a2200277Ia 4500
005 20260324113137.0
008 008 260324s9999 xx 000 0 eng d
020 _a9781003334774
037 _aEBOOK
040 _aCRL
040 _beng
040 _cCRL
041 _2eng
041 _aeng
084 _qCRL
100 _aScott A. Eldridge II; Sandra Banjac; David Cheruiyot; Joƫlle Swart
_91145596
245 4 _aThe Routledge Companion to Digital Journalism Studies
260 _bTaylor and Francis
260 _c2024
365 _a
365 _b340
856 _uhttp://www.taylorfrancis.com/books/9781003334774
942 _cEBOOK
999 _c1735092
_d1735092